[Event "Scarborough CC-ch Reserves"]
[Site "Toronto"]
[Date "2012.03.22"]
[Round "1"]
[White "Wajdy, Shebetah"]
[Black "Yie, Kevin Yi Xiao"]
[Result "1-0"]
[WhiteElo "2074"]
[BlackElo "1678"]
[PlyCount "135"]
[EventDate "2012.03.22"]
[EventType "swiss"]
[EventRounds "9"]
[EventCountry "CAN"]
[SourceTitle "EXT 2022"]
[Source "ChessBase"]
[SourceDate "2021.10.06"]
[SourceVersion "1"]
[SourceVersionDate "2021.10.06"]
[SourceQuality "1"]

1. e4 e5 2. Nf3 Nc6 3. Bc4 Nf6 4. Ng5 d5 5. exd5 Na5 6. Bb5+ c6 7. dxc6 bxc6 8. Be2 h6 9. Nf3 e4 10. Ne5 Bc5 11. 0-0 0-0 12. c3 Bd6 13. f4 exf3 14. Nxf3 Qc7 15. d4 Re8 16. b4 Nb7 17. Na3 a5 18. b5 Bd7 19. c4 Ne4 20. Qc2 cxb5 21. c5 Bf8 22. Nxb5 Bxb5 23. Bxb5 Re7 24. Bd3 Nf6 25. Bd2 Rd8 26. Rae1 Rxe1 27. Rxe1 Rc8 28. Bf5 Rd8 29. Be4 Nxe4 30. Qxe4 Rd7 31. Bf4 Qd8 32. c6 Nd6 33. Qd5 Re7 34. Rc1 Re6 35. c7 Qc8 36. Qxa5 Nb7 37. Qa7 Re8 38. Qb8 Ba3 39. Re1 Rf8 40. Qxc8 Rxc8 41. Rb1 Bd6 42. Bxd6 Nxd6 43. Rb8 Kf8 44. Ne5 Ke7 45. Rxc8 Nxc8 46. Kf2 f6 47. Nd3 Kd7 48. Nf4 Ne7 49. Kf3 Nc8 50. Ke4 Ne7 51. Nh5 Kxc7 52. Nxg7 Kd7 53. Nf5 Ng8 54. g4 Ke6 55. d5+ Kd7 56. a4 Kc7 57. d6+ Kb7 58. Kd5 Kc8 59. Kc6 h5 60. gxh5 Kd8 61. a5 Nh6 62. Nxh6 f5 63. a6 Ke8 64. d7+ Kf8 65. d8Q+ Kg7 66. Qg5+ Kh7 67. Nxf5 Kh8 68. Qg7# 1-0

[Event "Scarborough CC Jack Frost"]
[Site "Toronto"]
[Date "2012.02.09"]
[Round "6"]
[White "Song, Michael"]
[Black "Wajdy, Shebetah"]
[Result "1/2-1/2"]
[WhiteElo "2184"]
[BlackElo "2073"]
[PlyCount "83"]
[EventDate "2012.01.05"]
[EventType "swiss"]
[EventRounds "6"]
[EventCountry "CAN"]
[SourceTitle "EXT 2022"]
[Source "ChessBase"]
[SourceDate "2021.10.06"]
[SourceVersion "1"]
[SourceVersionDate "2021.10.06"]
[SourceQuality "1"]

1. g3 e6 2. Bg2 d5 3. d4 Bd6 4. c4 c6 5. Nf3 f5 6. 0-0 Nf6 7. Nc3 0-0 8. Qc2 Bd7 9. Bf4 Bxf4 10. gxf4 Ne4 11. Ne5 Qh4 12. e3 Be8 13. Nxe4 fxe4 14. f3 exf3 15. Rxf3 h6 16. Ng6 Bxg6 17. Qxg6 Qf6 18. Qc2 Nd7 19. Kh1 Qf5 20. Rc1 Qxc2 21. Rxc2 dxc4 22. Rxc4 a5 23. Bh3 Rf6 24. e4 Nb6 25. Rcc3 Raf8 26. Rb3 Nc4 27. Rxb7 Nd6 28. Rb6 Nxe4 29. Rf1 Ng5 30. fxg5 Rxf1+ 31. Bxf1 Rxf1+ 32. Kg2 Rd1 33. gxh6 gxh6 34. Rxc6 Rxd4 35. Rxe6 Rd2+ 36. Kg3 Rxb2 37. h4 Kg7 38. Ra6 Rxa2 39. Kg4 a4 40. Kh5 a3 41. Ra7+ Kf6 42. Ra6+ 1/2-1/2

[Event "Scarborough CC Jack Frost"]
[Site "Toronto"]
[Date "2012.02.02"]
[Round "5"]
[White "Wajdy, Shebetah"]
[Black "Southam, David"]
[Result "1/2-1/2"]
[WhiteElo "2062"]
[BlackElo "2211"]
[PlyCount "57"]
[EventDate "2012.01.05"]
[EventType "swiss"]
[EventRounds "6"]
[EventCountry "CAN"]
[SourceTitle "EXT 2022"]
[Source "ChessBase"]
[SourceDate "2021.10.06"]
[SourceVersion "1"]
[SourceVersionDate "2021.10.06"]
[SourceQuality "1"]

1. e4 e6 2. Nf3 c5 3. c3 Nf6 4. e5 Nd5 5. g3 Nc6 6. Bg2 d6 7. exd6 Bxd6 8. 0-0 0-0 9. Na3 Re8 10. Nc4 Bc7 11. d4 Qe7 12. Nce5 Bxe5 13. dxe5 h6 14. Qa4 f5 15. exf6 Qxf6 16. Qe4 Bd7 17. Be3 b6 18. Rad1 Rad8 19. c4 Nxe3 20. fxe3 Qf5 21. Qxf5 exf5 22. Nh4 Ne7 23. Bh3 g5 24. Nxf5 Bxf5 25. Rxd8 Rxd8 26. Bxf5 Nxf5 27. Rxf5 Rd1+ 28. Kg2 Re1 29. Rf2 1/2-1/2

[Event "Scarborough CC Jack Frost"]
[Site "Toronto"]
[Date "2012.01.26"]
[Round "4"]
[White "Wajdy, Shebetah"]
[Black "Lin, Tony"]
[Result "1/2-1/2"]
[WhiteElo "2062"]
[BlackElo "2052"]
[PlyCount "54"]
[EventDate "2012.01.05"]
[EventType "swiss"]
[EventRounds "6"]
[EventCountry "CAN"]
[SourceTitle "EXT 2022"]
[Source "ChessBase"]
[SourceDate "2021.10.06"]
[SourceVersion "1"]
[SourceVersionDate "2021.10.06"]
[SourceQuality "1"]

1. e4 e6 2. Nf3 c5 3. c3 Nc6 4. d4 d5 5. exd5 exd5 6. Be3 cxd4 7. Bxd4 Be6 8. Bb5 Nf6 9. 0-0 Be7 10. Ne5 Bd7 11. Nxd7 Qxd7 12. Nd2 a6 13. Bxf6 Bxf6 14. Re1+ Kf8 15. Ba4 Qc7 16. Nf3 Rd8 17. Qe2 g6 18. Bxc6 Qxc6 19. Rad1 Kg7 20. Qd2 Rhe8 21. Rxe8 Qxe8 22. Re1 Qa4 23. a3 d4 24. cxd4 Bxd4 25. Nxd4 Qxd4 26. Qxd4+ Rxd4 27. Kf1 Rd2 1/2-1/2

[Event "Scarborough CC Jack Frost"]
[Site "Toronto"]
[Date "2012.01.05"]
[Round "1"]
[White "Wajdy, Shebetah"]
[Black "Zhang, John"]
[Result "1-0"]
[WhiteElo "2073"]
[BlackElo "1767"]
[PlyCount "91"]
[EventDate "2012.01.05"]
[EventType "swiss"]
[EventRounds "6"]
[EventCountry "CAN"]
[SourceTitle "EXT 2022"]
[Source "ChessBase"]
[SourceDate "2021.10.06"]
[SourceVersion "1"]
[SourceVersionDate "2021.10.06"]
[SourceQuality "1"]

1. e4 e5 2. Nf3 Nc6 3. Bb5 a6 4. Bxc6 dxc6 5. Nc3 Bd6 6. d4 Bg4 7. dxe5 Bxf3 8. Qxf3 Bxe5 9. Bf4 Bxf4 10. Qxf4 Nf6 11. 0-0 Qe7 12. Rad1 0-0 13. e5 Nd7 14. e6 Nf6 15. exf7+ Qxf7 16. Qb4 b6 17. Rde1 c5 18. Qb3 Qxb3 19. axb3 Rfe8 20. Rxe8+ Rxe8 21. Ra1 b5 22. Kf1 Re6 23. Re1 Kf7 24. h3 Rxe1+ 25. Kxe1 Ke6 26. Ke2 b4 27. Nb1 Ne4 28. Nd2 Nxd2 29. Kxd2 a5 30. Kd3 Kd5 31. f4 g6 32. g4 h6 33. h4 c6 34. h5 gxh5 35. gxh5 c4+ 36. bxc4+ Ke6 37. b3 Kf5 38. Ke3 c5 39. Kf3 Kf6 40. Ke4 Ke6 41. f5+ Kf6 42. Kf4 Kf7 43. Ke5 Ke7 44. f6+ Kf7 45. Kf5 Kf8 46. Kg6 1-0

[Event "Canadian op 48th"]
[Site "Toronto"]
[Date "2011.07.16"]
[Round "8"]
[White "Chiku Ratte, Olivier Kenta"]
[Black "Wajdy, Shebetah"]
[Result "0-1"]
[WhiteElo "1729"]
[BlackElo "2194"]
[PlyCount "78"]
[EventDate "2011.07.09"]
[EventType "swiss"]
[EventRounds "9"]
[EventCountry "CAN"]
[SourceTitle "EXT 2022"]
[Source "ChessBase"]
[SourceDate "2021.10.06"]
[SourceVersion "1"]
[SourceVersionDate "2021.10.06"]
[SourceQuality "1"]

1. d4 e6 2. c4 f5 3. g3 Nf6 4. Bg2 d5 5. cxd5 exd5 6. Nc3 c6 7. Nf3 Bd6 8. 0-0 0-0 9. Bf4 Bxf4 10. gxf4 Ne4 11. e3 Rf6 12. Ne2 Qe7 13. Qe1 Nd7 14. Rc1 b6 15. Nd2 Rh6 16. Ng3 Nxg3 17. fxg3 Ba6 18. Rf2 Re8 19. Bf1 Bb7 20. Rc3 Nf6 21. Re2 c5 22. dxc5 bxc5 23. Qc1 Ba6 24. Rg2 Bxf1 25. Nxf1 Ne4 26. Rd3 Rd6 27. Qd1 Red8 28. Rc2 Kf8 29. b3 d4 30. exd4 Rxd4 31. Rxd4 cxd4 32. Qh5 g6 33. Qh6+ Ke8 34. Rc1 d3 35. Qh3 d2 36. Rd1 Qc5+ 37. Kg2 Qf2+ 38. Kh1 Qf3+ 39. Qg2 Qxd1 0-1

[Event "Canadian op 48th"]
[Site "Toronto"]
[Date "2011.07.12"]
[Round "4"]
[White "Chernik, Dmitry"]
[Black "Wajdy, Shebetah"]
[Result "1-0"]
[WhiteElo "1897"]
[BlackElo "2194"]
[PlyCount "97"]
[EventDate "2011.07.09"]
[EventType "swiss"]
[EventRounds "9"]
[EventCountry "CAN"]
[SourceTitle "EXT 2022"]
[Source "ChessBase"]
[SourceDate "2021.10.06"]
[SourceVersion "1"]
[SourceVersionDate "2021.10.06"]
[SourceQuality "1"]

1. e4 Nf6 2. e5 Nd5 3. d4 Nb6 4. f4 d5 5. Bd3 e6 6. Nf3 c5 7. c3 Nc6 8. 0-0 Bd7 9. Kh1 Rc8 10. b3 cxd4 11. cxd4 a6 12. Ba3 Nb4 13. Qd2 Nxd3 14. Bxf8 Kxf8 15. a4 Nc5 16. dxc5 Na8 17. Rc1 g6 18. Ra2 Nc7 19. Nc3 Ne8 20. Ne2 Ng7 21. Ned4 Qe7 22. Rac2 Nf5 23. g4 Nxd4 24. Qxd4 h5 25. g5 Kg7 26. h4 Rc7 27. Qb4 Rhc8 28. Nd4 Kf8 29. Qb6 Bc6 30. Kg1 Qd7 31. Kf2 Ra8 32. Qa5 Rac8 33. Ra2 Qe7 34. b4 Be8 35. Rac2 Kg7 36. Ra2 Bd7 37. Qb6 Qe8 38. b5 axb5 39. axb5 Qe7 40. Rac2 Be8 41. Qd6 Kf8 42. c6 bxc6 43. Nxc6 Qxd6 44. exd6 Rd7 45. b6 Rb7 46. Ne5 Rcb8 47. Rc8 Kg7 48. Rxb8 Rxb8 49. d7 1-0

[Event "Canadian op 48th"]
[Site "Toronto"]
[Date "2011.07.11"]
[Round "3"]
[White "Wajdy, Shebetah"]
[Black "Baumgartner, Christopher"]
[Result "1/2-1/2"]
[WhiteElo "2194"]
[BlackElo "1904"]
[PlyCount "58"]
[EventDate "2011.07.09"]
[EventType "swiss"]
[EventRounds "9"]
[EventCountry "CAN"]
[SourceTitle "EXT 2022"]
[Source "ChessBase"]
[SourceDate "2021.10.06"]
[SourceVersion "1"]
[SourceVersionDate "2021.10.06"]
[SourceQuality "1"]

1. e4 c5 2. Nf3 e6 3. c3 Nf6 4. d3 d6 5. g3 Be7 6. Bg2 0-0 7. 0-0 Nc6 8. Re1 Qc7 9. Na3 a6 10. Nc4 Rd8 11. a4 b6 12. Bf4 e5 13. Bg5 Be6 14. Ne3 d5 15. exd5 Nxd5 16. Nxd5 Bxd5 17. Bxe7 Qxe7 18. Qe2 Re8 19. Nd2 Bxg2 20. Kxg2 Rad8 21. Rad1 Qb7 22. Qf3 Qd7 23. Nc4 b5 24. axb5 axb5 25. Ne3 Re6 26. Ng4 Qd5 27. Re4 Ne7 28. Ne3 Qa8 29. Kg1 Rf8 1/2-1/2

[Event "Canadian op 48th"]
[Site "Toronto"]
[Date "2011.07.09"]
[Round "1"]
[White "Wajdy, Shebetah"]
[Black "Ugodnikov, Arkadiy"]
[Result "1/2-1/2"]
[WhiteElo "2194"]
[BlackElo "1818"]
[PlyCount "160"]
[EventDate "2011.07.09"]
[EventType "swiss"]
[EventRounds "9"]
[EventCountry "CAN"]
[SourceTitle "EXT 2022"]
[Source "ChessBase"]
[SourceDate "2021.10.06"]
[SourceVersion "1"]
[SourceVersionDate "2021.10.06"]
[SourceQuality "1"]

1. e4 e5 2. Nf3 Nc6 3. Bc4 Bc5 4. 0-0 Nf6 5. d4 Bxd4 6. Nxd4 Nxd4 7. f4 d6 8. fxe5 dxe5 9. Bg5 Be6 10. Bxf6 gxf6 11. Bxe6 Nxe6 12. Nc3 c6 13. Qxd8+ Rxd8 14. Rxf6 Nd4 15. Raf1 Rd7 16. R6f2 Rg8 17. Nd1 Rg4 18. Nc3 Rg6 19. g3 Kf8 20. Kg2 Kg7 21. h3 Rgd6 22. h4 Ne6 23. Re2 Rd2 24. Rff2 Rxe2 25. Rxe2 f6 26. Kf2 Kg6 27. Ke3 Rd4 28. Rf2 b6 29. a3 Nc5 30. Rf1 Ne6 31. Ne2 Rd7 32. b4 Nd4 33. Nxd4 Rxd4 34. c3 Rd8 35. g4 b5 36. Ke2 Rd7 37. a4 a6 38. axb5 cxb5 39. h5+ Kg7 40. Rf3 Rd6 41. Rd3 Rc6 42. Rd7+ Kh6 43. Kd3 Rb6 44. c4 bxc4+ 45. Kxc4 Rc6+ 46. Kd5 Rb6 47. Rd6 Rxd6+ 48. Kxd6 Kg5 49. Ke6 Kxg4 50. Kxf6 Kxh5 51. Kxe5 Kg4 52. Kd6 h5 53. e5 h4 54. e6 h3 55. e7 h2 56. e8Q h1Q 57. Qe2+ Kg5 58. Qd2+ Kg4 59. Kc5 Qh5+ 60. Qd5 Qe8 61. Qc4+ Kg5 62. Qxa6 Qe5+ 63. Kb6 Qd6+ 64. Ka5 Qd2 65. Qe6 Qd8+ 66. Qb6 Qd2 67. Qc5+ Kg4 68. Ka6 Qa2+ 69. Kb6 Qe6+ 70. Kb7 Qd7+ 71. Kb8 Kh4 72. b5 Qd8+ 73. Ka7 Qd7+ 74. Kb6 Qd8+ 75. Ka6 Qa8+ 76. Qa7 Qe4 77. b6 Qa4+ 78. Kb7 Qd7+ 79. Ka8 Qc8+ 80. Qb8 Qa6+ 1/2-1/2

[Event "Kitchener Ontario-chT active"]
[Site "Kitchener"]
[Date "2011.06.18"]
[Round "5.2"]
[White "Gashgarian, Robert"]
[Black "Wajdy, Shebetah"]
[Result "1/2-1/2"]
[WhiteElo "2061"]
[BlackElo "2246"]
[PlyCount "82"]
[EventDate "2011.06.18"]
[EventType "team-swiss (rapid)"]
[EventRounds "5"]
[EventCountry "CAN"]
[SourceTitle "EXT 2022"]
[Source "ChessBase"]
[SourceDate "2021.10.06"]
[SourceVersion "1"]
[SourceVersionDate "2021.10.06"]
[SourceQuality "1"]
[WhiteTeam "Brantford"]
[BlackTeam "Annex"]
[WhiteTeamCountry "CAN"]
[BlackTeamCountry "CAN"]

1. d4 e6 2. Nf3 f5 3. g3 Nf6 4. Bg2 d5 5. 0-0 Bd6 6. c4 c6 7. b3 Qe7 8. Bb2 Nbd7 9. Nbd2 0-0 10. Ne5 Bxe5 11. dxe5 Ne4 12. e3 a5 13. f3 Nxd2 14. Qxd2 a4 15. Rad1 axb3 16. axb3 dxc4 17. bxc4 Qc5 18. f4 Qxc4 19. Rc1 Qb5 20. Bd4 c5 21. Rb1 Qa5 22. Bc3 Qc7 23. e4 g6 24. exf5 gxf5 25. Qb2 Ra7 26. Rfd1 Nb8 27. Rd6 Nc6 28. Bf1 Nd4 29. Bxd4 cxd4 30. Qxd4 Ra3 31. Bc4 Kh8 32. Rd1 Ra4 33. Rd8 Rxc4 34. Rxf8+ Kg7 35. Qd8 Qc5+ 36. Kg2 Rc2+ 37. Kh3 Qxf8 38. Qg5+ Kf7 39. Qf6+ Kg8 40. Rd8 Qxd8 41. Qxd8+ Kg7 1/2-1/2

[Event "Toronto Hart House Holidays op"]
[Site "Toronto"]
[Date "2010.12.19"]
[Round "4.6"]
[White "Calugar, Arthur"]
[Black "Wajdy, Shebetah"]
[Result "1-0"]
[WhiteElo "2385"]
[BlackElo "2211"]
[PlyCount "75"]
[EventDate "2010.12.17"]
[EventType "swiss"]
[EventRounds "5"]
[EventCountry "CAN"]
[SourceTitle "EXT 2022"]
[Source "ChessBase"]
[SourceDate "2021.10.06"]
[SourceVersion "1"]
[SourceVersionDate "2021.10.06"]
[SourceQuality "1"]

1. e4 Nf6 2. e5 Nd5 3. d4 Nb6 4. f4 d5 5. Nf3 Bf5 6. b3 e6 7. a4 c5 8. Ba3 N6d7 9. dxc5 Bxc5 10. Bxc5 Nxc5 11. Bb5+ Nbd7 12. Nd4 Bg6 13. 0-0 0-0 14. Nc3 Ne4 15. Nxe4 Bxe4 16. Bxd7 Qxd7 17. Nb5 Qc6 18. Rf2 Qb6 19. Nd6 Rad8 20. a5 Qb4 21. Ra4 Qc3 22. Nxb7 Rc8 23. Ra2 Rc6 24. Nd6 Bg6 25. Qd2 Qxd2 26. Rxd2 f6 27. c4 fxe5 28. fxe5 dxc4 29. Nxc4 Rb8 30. Rd7 Rxb3 31. Nd6 h6 32. Rxa7 Rc1+ 33. Kf2 Rbb1 34. h3 Rb3 35. a6 Bd3 36. Rb7 Rf1+ 37. Kg3 Rc3 38. Kh2 1-0

[Event "Toronto"]
[Site "Toronto"]
[Date "2010.04.06"]
[Round "9"]
[White "Wajdy, Shebetah"]
[Black "Kleinman, Michael"]
[Result "1-0"]
[WhiteElo "2226"]
[BlackElo "2154"]
[PlyCount "115"]
[EventDate "2010.03.23"]
[EventType "tourn"]
[EventRounds "9"]
[EventCountry "CAN"]
[SourceTitle "EXT 2022"]
[Source "ChessBase"]
[SourceDate "2021.10.06"]
[SourceVersion "1"]
[SourceVersionDate "2021.10.06"]
[SourceQuality "1"]

1. d4 Nf6 2. Bf4 d5 3. e3 c5 4. c3 Nc6 5. Nd2 Bf5 6. Ngf3 Qb6 7. Qb3 c4 8. Qxb6 axb6 9. a3 b5 10. Rc1 h6 11. h3 e6 12. Be2 Be7 13. 0-0 Nd7 14. Bd1 f6 15. Re1 e5 16. Bg3 e4 17. Nh4 Bh7 18. Bh5+ Kd8 19. Ng6 Rg8 20. f3 Nf8 21. Nxe7 Kxe7 22. fxe4 dxe4 23. Rf1 g6 24. Be2 f5 25. d5 Nd8 26. Rcd1 Nd7 27. d6+ Ke6 28. Nxe4 Nc6 29. Nd2 Nde5 30. Nf3 Rgd8 31. Nd4+ Nxd4 32. exd4 Nf7 33. Rfe1 Kf6 34. Be5+ Ke6 35. Bf4 Kf6 36. Bf3 Nxd6 37. Be5+ Ke7 38. Bg7+ Kd7 39. Bxh6 Re8 40. Re5 Nf7 41. Rd5+ Nd6 42. Bf4 Ra6 43. Be5 Bg8 44. Rxd6+ Rxd6 45. Bxd6 Kxd6 46. Kf2 b6 47. Re1 Be6 48. Re5 Bd7 49. Rxe8 Bxe8 50. h4 Ke6 51. Ke3 Bd7 52. Kf4 Kf6 53. d5 Bc8 54. g4 Bd7 55. gxf5 gxf5 56. h5 Be8 57. h6 Kg6 58. Bh5+ 1-0

[Event "Toronto"]
[Site "Toronto"]
[Date "2010.03.22"]
[Round "6"]
[White "Sapozhnikov, Roman"]
[Black "Wajdy, Shebetah"]
[Result "1-0"]
[WhiteElo "2456"]
[BlackElo "2226"]
[PlyCount "51"]
[EventDate "2010.03.23"]
[EventType "tourn"]
[EventRounds "9"]
[EventCountry "CAN"]
[SourceTitle "EXT 2022"]
[Source "ChessBase"]
[SourceDate "2021.10.06"]
[SourceVersion "1"]
[SourceVersionDate "2021.10.06"]
[SourceQuality "1"]

1. e4 e6 2. d4 d5 3. Nc3 Nf6 4. e5 Nfd7 5. f4 c5 6. Nf3 Nc6 7. Be3 a6 8. Qd2 b5 9. a3 g5 10. fxg5 cxd4 11. Nxd4 Ndxe5 12. Be2 Bg7 13. Nxc6 Nxc6 14. Bc5 Qc7 15. 0-0 Bb7 16. Bxb5 Be5 17. Be2 Bxh2+ 18. Kh1 Be5 19. Bh5 Nd8 20. b4 Rg8 21. Rae1 Rg7 22. Qe3 Bg3 23. Bd4 Rg8 24. Bxf7+ Nxf7 25. Qxe6+ Kd8 26. Bf6+ 1-0

[Event "Toronto"]
[Site "Toronto"]
[Date "2010.03.09"]
[Round "3"]
[White "Casareno, Erwin"]
[Black "Wajdy, Shebetah"]
[Result "1-0"]
[WhiteElo "2181"]
[BlackElo "2226"]
[PlyCount "131"]
[EventDate "2010.03.23"]
[EventType "tourn"]
[EventRounds "9"]
[EventCountry "CAN"]
[SourceTitle "EXT 2022"]
[Source "ChessBase"]
[SourceDate "2021.10.06"]
[SourceVersion "1"]
[SourceVersionDate "2021.10.06"]
[SourceQuality "1"]

1. e4 e6 2. d4 d5 3. Nc3 Nf6 4. e5 Nfd7 5. f4 c5 6. Nf3 Nc6 7. Be3 a6 8. Qd2 b5 9. a3 g5 10. Nxg5 cxd4 11. Bxd4 Nxd4 12. Qxd4 Bc5 13. Qd2 Qb6 14. Nd1 f6 15. exf6 Nxf6 16. Bd3 Ra7 17. b4 Bd6 18. Nf3 0-0 19. g3 Ne4 20. Qe3 Qxe3+ 21. Nxe3 a5 22. Nd4 Nc3 23. Nc6 Rc7 24. Nxa5 e5 25. fxe5 Bxe5 26. Rf1 Rxf1+ 27. Nxf1 Ne4 28. Rb1 Bc3+ 29. Ke2 Bg4+ 30. Ke3 Bg7 31. Bxe4 dxe4 32. Kxe4 Bh6 33. Nb3 Rxc2 34. Nd4 Rc8 35. Nxb5 Rf8 36. Nd4 Bh3 37. b5 Bxf1 38. a4 Bg2+ 39. Kd3 Bg7 40. b6 Rd8 41. Rb4 Bb7 42. Ke3 Bh6+ 43. Kd3 Kf7 44. Kc4 Bf8 45. Rb1 Bd5+ 46. Kb5 Be4 47. Rf1+ Kg6 48. Rd1 Bg7 49. Kc4 Bc2 50. Rd2 Bxa4 51. b7 Rb8 52. Rb2 Bd7 53. Rb6+ Kf7 54. Kd5 Bh3 55. Nc6 Bg2+ 56. Kd6 Bf8+ 57. Kc7 Bc5 58. Rb2 Bxc6 59. Kxb8 Kg6 60. Kc7 Bxb7 61. Rxb7 Bg1 62. h3 Bh2 63. Rb3 h5 64. Kc6 h4 65. g4 Kg5 66. Rf3 1-0

[Event "Amman tt"]
[Site "Amman"]
[Date "2008.06.28"]
[Round "8"]
[White "Alzaim, Talal"]
[Black "Wajdy, Shebetah"]
[Result "1-0"]
[WhiteElo "2240"]
[BlackElo "2058"]
[PlyCount "83"]
[EventDate "2008.06.21"]
[EventType "team"]
[EventRounds "8"]
[EventCountry "JOR"]
[SourceTitle "CBM 125 Extra"]
[Source "ChessBase"]
[SourceDate "2008.09.01"]
[SourceVersion "1"]
[SourceVersionDate "2008.09.01"]
[SourceQuality "1"]

1. d4 g6 2. Nf3 Bg7 3. c4 d6 4. Nc3 Nc6 5. g3 e5 6. d5 Nce7 7. Bg2 Nf6 8. 0-0 0-0 9. e4 Nd7 10. Ne1 f5 11. Nd3 Nf6 12. f3 fxe4 13. fxe4 Bg4 14. Qc2 Qc8 15. Nf2 Bd7 16. Be3 b6 17. Rad1 Qa6 18. Qe2 Rae8 19. Nb5 Qb7 20. b4 h5 21. h3 Kh7 22. a4 Bh6 23. Bxh6 Kxh6 24. c5 bxc5 25. bxc5 Bxb5 26. axb5 Kg7 27. cxd6 cxd6 28. Ra1 Nc8 29. h4 Nd7 30. Nh3 Nc5 31. Ng5 Qe7 32. Qe3 Rxf1+ 33. Bxf1 Rf8 34. Bh3 Qb7 35. Rc1 Re8 36. Ne6+ Nxe6 37. Bxe6 Ne7 38. Rf1 Nc8 39. Qg5 Rf8 40. Rxf8 Kxf8 41. Qf6+ Ke8 42. Qh8+ 1-0

[Event "Amman tt"]
[Site "Amman"]
[Date "2008.06.22"]
[Round "2"]
[White "Wajdy, Shebetah"]
[Black "Al Aqrabi, Saleh"]
[Result "0-1"]
[WhiteElo "2058"]
[BlackElo "2192"]
[PlyCount "56"]
[EventDate "2008.06.21"]
[EventType "team"]
[EventRounds "8"]
[EventCountry "JOR"]
[SourceTitle "CBM 125 Extra"]
[Source "ChessBase"]
[SourceDate "2008.09.01"]
[SourceVersion "1"]
[SourceVersionDate "2008.09.01"]
[SourceQuality "1"]

1. d4 d5 2. Nf3 c6 3. Bf4 Bf5 4. e3 e6 5. c4 Qa5+ 6. Nc3 Nf6 7. Qb3 Qb6 8. c5 Qxb3 9. axb3 Nbd7 10. b4 Nh5 11. b5 Nxf4 12. exf4 Be7 13. b4 0-0 14. Ne5 Nxe5 15. fxe5 f6 16. f4 fxe5 17. fxe5 Bh4+ 18. g3 Bg5 19. bxc6 bxc6 20. Ba6 Be3 21. Ne2 Rab8 22. b5 Bd3 23. Rf1 Rxf1+ 24. Kxf1 Bxd4 25. Ra3 Bc4 26. bxc6 Bxc5 27. Rc3 Rf8+ 28. Kg2 Bxa6 0-1

[Event "Amman tt"]
[Site "Amman"]
[Date "2008.06.21"]
[Round "1"]
[White "Mansour, Sameer"]
[Black "Wajdy, Shebetah"]
[Result "1-0"]
[WhiteElo "2269"]
[BlackElo "2058"]
[PlyCount "61"]
[EventDate "2008.06.21"]
[EventType "team"]
[EventRounds "8"]
[EventCountry "JOR"]
[SourceTitle "CBM 125 Extra"]
[Source "ChessBase"]
[SourceDate "2008.09.01"]
[SourceVersion "1"]
[SourceVersionDate "2008.09.01"]
[SourceQuality "1"]

1. d4 g6 2. Nf3 Bg7 3. Bg5 Nf6 4. Nbd2 0-0 5. e4 d6 6. Be2 c6 7. 0-0 Qc7 8. c3 Nbd7 9. Re1 e5 10. dxe5 dxe5 11. Bf1 Nc5 12. Qc2 h6 13. Bh4 g5 14. Bg3 Nh5 15. Nc4 Nxg3 16. hxg3 Be6 17. Ne3 a5 18. Nh2 a4 19. Be2 Rfd8 20. Bg4 Bxg4 21. Nhxg4 Rd7 22. Nf5 Kh7 23. Rad1 Rad8 24. Rxd7 Rxd7 25. Qe2 Kg6 26. Qf3 Rd3 27. Ne7+ Qxe7 28. Qf5+ Kh5 29. Ne3 Qf6 30. g4+ Kh4 31. Kh2 1-0

[Event "Arab Cities-chT 5th"]
[Site "Beirut"]
[Date "2007.04.15"]
[Round "9"]
[White "Wajdy, Shebetah"]
[Black "Ismail, Hamed"]
[Result "0-1"]
[WhiteElo "2074"]
[BlackElo "2328"]
[PlyCount "84"]
[EventDate "2007.04.08"]
[EventType "team"]
[EventRounds "9"]
[EventCountry "LBN"]
[SourceTitle "CBM 117 Extra"]
[Source "ChessBase"]
[SourceDate "2007.05.09"]
[SourceVersion "1"]
[SourceVersionDate "2007.05.09"]
[SourceQuality "1"]

1. e4 c6 2. Nc3 d5 3. Nf3 Bg4 4. h3 Bxf3 5. gxf3 e6 6. d4 Nf6 7. Be3 Be7 8. Rg1 g6 9. Qd2 Qa5 10. Be2 Bb4 11. e5 Nfd7 12. 0-0-0 c5 13. a3 Bxc3 14. Qxc3 Qxc3 15. bxc3 Nc6 16. f4 c4 17. h4 h5 18. f5 exf5 19. e6 Nf6 20. Bf3 Ne4 21. Bxe4 fxe4 22. exf7+ Kxf7 23. Rg5 Rad8 24. Rdg1 Ne7 25. Bf4 Rhg8 26. R5g2 Nf5 27. Bg5 Rd6 28. Kb2 Re8 29. Rf1 Rde6 30. Rgg1 Kg7 31. Ka2 Rb6 32. Rb1 Ree6 33. Bd8 Rxb1 34. Rxb1 b6 35. a4 Rd6 36. Bg5 Kf7 37. a5 Ke6 38. Bf4 Rc6 39. a6 Nxh4 40. Bb8 b5 41. Rxb5 Rxa6+ 42. Kb2 Rb6 0-1

[Event "Arab Cities-chT 5th"]
[Site "Beirut"]
[Date "2007.04.13"]
[Round "7"]
[White "Wajdy, Shebetah"]
[Black "Al Zendani, Zendan"]
[Result "0-1"]
[WhiteElo "2074"]
[BlackElo "2387"]
[PlyCount "82"]
[EventDate "2007.04.08"]
[EventType "team"]
[EventRounds "9"]
[EventCountry "LBN"]
[SourceTitle "CBM 117 Extra"]
[Source "ChessBase"]
[SourceDate "2007.05.09"]
[SourceVersion "1"]
[SourceVersionDate "2007.05.09"]
[SourceQuality "1"]

1. e4 c5 2. Nf3 a6 3. c3 e6 4. d4 cxd4 5. cxd4 d5 6. e5 Nc6 7. Be2 Nge7 8. 0-0 Nf5 9. Nc3 h5 10. a3 Be7 11. b4 g5 12. Be3 g4 13. Ne1 f6 14. exf6 Bxf6 15. Nc2 0-0 16. Rc1 Bg7 17. Qd2 Qf6 18. Rcd1 Bd7 19. Na2 Nxe3 20. fxe3 Qg5 21. Nc1 Bh6 22. Nb3 Rae8 23. Nc5 Bc8 24. Rxf8+ Rxf8 25. Rf1 Rxf1+ 26. Bxf1 Ne7 27. Bd3 Nf5 28. Bxf5 Qxf5 29. Qf2 Qg6 30. Qe2 Qf5 31. Qf2 e5 32. Qe2 exd4 33. exd4 b6 34. Nd3 Bd7 35. Ne5 Ba4 36. Ne1 Bb5 37. N1d3 Bg7 38. Qd1 Bh6 39. Qe2 Qe4 40. Qc2 Qxd4+ 41. Kh1 Qa1+ 0-1

[Event "Arab Cities-chT 5th"]
[Site "Beirut"]
[Date "2007.04.11"]
[Round "5"]
[White "Al Hisamawi, Wael"]
[Black "Wajdy, Shebetah"]
[Result "1/2-1/2"]
[WhiteElo "2144"]
[BlackElo "2074"]
[PlyCount "39"]
[EventDate "2007.04.08"]
[EventType "team"]
[EventRounds "9"]
[EventCountry "LBN"]
[SourceTitle "CBM 117 Extra"]
[Source "ChessBase"]
[SourceDate "2007.05.09"]
[SourceVersion "1"]
[SourceVersionDate "2007.05.09"]
[SourceQuality "1"]

1. e4 g6 2. d4 Bg7 3. Nf3 d6 4. Bd3 Nf6 5. Qe2 0-0 6. Bg5 h6 7. Bd2 c6 8. Nc3 Qc7 9. h3 e5 10. dxe5 dxe5 11. 0-0 Be6 12. Nh4 Nbd7 13. g4 g5 14. Nf5 Bxf5 15. gxf5 Nc5 16. Kh2 Rad8 17. Rg1 Qd6 18. Rg3 Kh7 19. Rag1 Rg8 20. Bc1 1/2-1/2

[Event "Asia Cities-ch 15th"]
[Site "Tehran"]
[Date "2007.03.07"]
[Round "8.8"]
[White "Wajdy, Shebetah"]
[Black "Obada, Ahmad Azeezjawad"]
[Result "1/2-1/2"]
[WhiteElo "2058"]
[BlackElo "2300"]
[PlyCount "52"]
[EventDate "2007.03.02"]
[EventType "team-swiss"]
[EventRounds "9"]
[EventCountry "IRI"]
[SourceTitle "EXT 2020"]
[Source "ChessBase"]
[SourceDate "2019.10.17"]
[SourceVersion "1"]
[SourceVersionDate "2019.10.17"]
[SourceQuality "1"]
[WhiteTeam "Al Quds (Jerusalem)"]
[BlackTeam "Sulaymaniyah"]
[WhiteTeamCountry "PLE"]
[BlackTeamCountry "IRQ"]

1. e4 c5 2. Nf3 d6 3. d4 cxd4 4. Nxd4 Nf6 5. Nc3 a6 6. Bg5 e6 7. f4 Qb6 8. a3 Nc6 9. Nb3 h6 10. Bxf6 gxf6 11. Qd2 Qc7 12. 0-0-0 Rb8 13. Be2 b5 14. Bh5 b4 15. axb4 Nxb4 16. Rhe1 Qb6 17. Qd4 Qxd4 18. Nxd4 Rg8 19. g3 Be7 20. Bf3 Bb7 21. f5 e5 22. Nb3 Rc8 23. Be2 Ba8 24. Na5 Rc5 25. Nb3 Rc8 26. Na5 Rc5 1/2-1/2